000 00669nam a2200217 a 4500
005 20230310063609.0
008 070621s1999 mx r 000 0 spa d
020 _a8426449573
035 _aUPN01000150543
049 _aCG
050 4 _aPR6056 I4.5
_bB7
100 1 _aFielding, Helen
245 1 0 _aBridget Jones :
_bsobreviviré /
_cHelen Fielding ; tr. Néstor Busquets.
260 _aBarcelona, Esp. :
_bLumen,
_c1999.
300 _a441 p.
440 0 _aLumen femenino
534 _pTítulo original:
_tBridget Jones : the edge of reason
650 4 _aNovela inglesa
_94471
650 4 _aJONES, BRIDGET (PERSONAJE FICTICIO) -
_vNOVELA
_912030
905 _aLibro
999 _c122684
_d122684